| 000 | 00591nam a2200193 i 4500 | ||
|---|---|---|---|
| 001 | 90074 | ||
| 003 | ES-MaACL | ||
| 007 | t| | ||
| 008 | 050118s1969 mx ||||1| spa d | ||
| 100 | 1 |
_aLazo, Raimundo. _970821 |
|
| 245 | 1 | 0 |
_aHistoria de la literatura hispanoamericana _b: el periodo colonial (1492-1780) / _cRaimundo Lazo. |
| 250 | _a2ª ed. | ||
| 260 |
_aMéxico : _bPorrúa, _c1969. |
||
| 300 |
_aXVII, 370 p. ; _c22 cm. |
||
| 490 | 1 |
_aSepan cuantos... ; _v38 |
|
| 830 | 0 | 0 |
_aSepan cuantos_ _v38 _9180801 |
| 852 |
_aES-MaACL _jE-9384 _bR.94105 |
||
| 999 |
_c90074 _d90074 |
||